Statistics for People From These Countries Are Called What?

Click here to take the quiz!

General Stats

  • This quiz has been taken 432 times
  • The average score is 17 of 21

Answer Stats

CountryDemonym% Correct
ChinaChinese
99%
United StatesAmerican
99%
FinlandFinnish
97%
NigeriaNigerian
97%
NetherlandsDutch
96%
HungaryMagyar
94%
AlgeriaAlgerian
93%
United KingdomBritish
92%
New ZealandKiwi
91%
ArgentinaArgentine
91%
KuwaitKuwaiti
84%
YemenYemeni
82%
TurkmenistanTurkmen
81%
BelgiumBelgian
80%
BelarusBelarusian
77%
SenegalSenegalese
75%
MyanmarBurmese
72%
KosovoKosovar
58%
NauruNauruan
39%
TogoTogolese
37%
GhanaGhanaian
36%

Score Distribution

Percentile by Number Answered

Percent of People with Each Score

Your Score History

You have not taken this quiz